000 nam a22 7a 4500
999 _c29973
_d29973
008 181129b xxu||||| |||| 00| 0 eng d
020 _a9781119165552
050 _aHD 30.4 .S435 2016
100 _aSekaran, Uma.
245 _aResearch methods for business:
_bA skill-building approach/
_cUma Sekaran and Roger Bougie.
250 _a7th ed.
260 _aUnited Kingdom:
_bJohn wiley & sons,
_c2016.
300 _axxiii, 420p.:
_bill.;
_c24 cm.
504 _aIncludes bibliographical references and index.
650 _aBusiness - research.
650 _aBusiness - research methodology.
700 _aBougie, Roger.
942 _2lcc
_cBOOKS
_hHD 30.4 .S435 2016
_01